Veterinary medicine
Guardat en:
| Autor principal: | |
|---|---|
| Format: | Llibre |
| Idioma: | Undetermined |
| Publicat: |
Baltimore
Williams and Wilkins Company
1960
|
| Matèries: | |
| Etiquetes: |
Afegir etiqueta
Sense etiquetes, Sigues el primer a etiquetar aquest registre!
|
| Thư viện lưu trữ: | Trung tâm Học liệu Trường Đại học Cần Thơ |
|---|
| LEADER | 00523nam a2200181Ia 4500 | ||
|---|---|---|---|
| 001 | CTU_126002 | ||
| 008 | 210402s9999 xx 000 0 und d | ||
| 082 | |a 636.089 | ||
| 082 | |b B655/1960 | ||
| 100 | |a Blood, D. C. | ||
| 245 | 0 | |a Veterinary medicine | |
| 245 | 0 | |c D. C. Blood, J. A. Henderson | |
| 260 | |a Baltimore | ||
| 260 | |b Williams and Wilkins Company | ||
| 260 | |c 1960 | ||
| 650 | |a Veterinary medicine,Dược học thú y | ||
| 904 | |i Hiếu | ||
| 980 | |a Trung tâm Học liệu Trường Đại học Cần Thơ | ||